00920nam a2200277Ia 4500003000500000005001700005008004100022020002900063040002300092041001300115082001500128100001500143245005300158250002000211260009200231300003600323504005400359521001000413600009700423610001700520700002200537700002400559700002100583700001500604700002300619322820240619111319.0220624s9999 xx 000 0 und d a9780195998306(Paperback) bEnglishc3228erda dEnglish  a658.3 CONT aGrobler, P 0aContemporary issues in human resource management aFourth edition  aCape Town, South Africa:bOxford university press Southern Africa (Pty) Limited,c2012. axx, 428:bIllustrations;c24 cm aInclude appendix, case study, glossary and index. aAdult vHuman capital -management, Organisational behavior, Personnel Management, Personal direction vSouth Africa aR. BothmaeAuthor aC. BrewstereAuthor aL. CareyeAuthor aP. Holland aS. WarnicheAuthor